[Event "FRA-ch U16 Girls"]
[Site "Gonfreville"]
[Date "2016.??.??"]
[Round "4"]
[White "Guerin, Juliette"]
[Black "Masalles, Coralie"]
[Result "1-0"]
[WhiteElo "1727"]
[BlackElo "1335"]
[PlyCount "87"]
[EventDate "2016.04.22"]
[EventType "swiss"]
[EventRounds "9"]
[EventCountry "FRA"]
[SourceTitle "EXT 2019"]
[Source "ChessBase"]
[SourceDate "2018.10.10"]
[SourceVersion "1"]
[SourceVersionDate "2018.10.10"]
[SourceQuality "1"]

1. e4 e6 2. d4 d5 3. Nd2 Nf6 4. e5 Nfd7 5. c3 c5 6. Bd3 Nc6 7. Ne2 Qb6 8. Nf3 Be7 9. 0-0 0-0 10. Bb1 Re8 11. Nf4 Nf8 12. h4 cxd4 13. cxd4 Qd8 14. Ng5 h6 15. Ngh3 Bxh4 16. Nh5 Qe7 17. g3 Ng6 18. gxh4 Nxh4 19. Qg4 Ng6 20. Bxg6 fxg6 21. Qxg6 Qf7 22. Nf6+ Kf8 23. Qxf7+ Kxf7 24. Nxe8 Kxe8 25. Be3 b6 26. a3 Ba6 27. Rfc1 Kd7 28. b4 Bc4 29. Nf4 g5 30. Nh5 Rf8 31. Nf6+ Ke7 32. Kg2 Nb8 33. Rh1 Rh8 34. Bxg5 Kf7 35. Rxh6 Rxh6 36. Bxh6 Nc6 37. Be3 Kg6 38. Rh1 Kg7 39. Rh7+ Kg6 40. Kg3 Be2 41. Rc7 Bb5 42. Kg4 Ba4 43. Nh5 Bd1+ 44. f3 1-0